• 首页
  • 本馆介绍
  • 公告通知
  • 最新文献
  • 馆藏检索
  • 电子资源
  • 读者导购
  • 参考咨询
  • 我的图书馆
  • 登录
  • 详细信息显示
  • 放入我的书架
  • 预约/预借图书
  • 作者相关作品
  • 分类相关作品
  • 丛书相关作品
  • 出版社相关作品

书目信息

  • 表格格式
  • 工作单格式
  • 卡片格式
题名:
哲学与社会
    
 
作者: 贾高建 主编
分册: 2  
出版信息: 北京   中国时代经济出版社  2010
页数: 221页
开本: 26cm
丛书名:
单 册:
中图分类: C91-02
科图分类:
主题词: 社会哲学--研究 , 社会哲学
电子资源:
ISBN: 978-7-5119-0121-7
000 00869nam0 2200241 45
001 1133586531
005 20110411170716.75
010    @a978-7-5119-0121-7@dCNY26.00
100    @a20110406d2010 em y0chiy0120 ea
101 0  @achi
102    @aCN@b110000
105    @aa z 000yy
106    @ar
200 1  @a哲学与社会@AZhe Xue Yu She Hui@h2@f贾高建主编@FJia Gao Jian Zhu Bian
210    @a北京@c中国时代经济出版社@d2010
215    @a221页@c图@d26cm
330    @a本书分高端论坛、热点焦点、理论探索、应用研究、学术争鸣、学哲学用哲学、学术动态七部分, 主要内容涵盖王伟光: 改革开放新时期哲学社会科学的繁荣与发展 ; 李德顺: 要重视基础理论的建设 —— 兼谈价值论研究的现实意义等。
606 0  @a社会哲学@x研究
606 0  @a社会哲学
690    @aC91-02@v4
701  0 @a贾高建@AJia Gao Jian@4主编
801  0 @aCN@bTANGWEI@c20110411
905    @b0534973-77@dC91-02@e714:2@f5
    
    哲学与社会.2/贾高建主编.-北京:中国时代经济出版社,2010
    221页:图;26cm
    
    
    ISBN 978-7-5119-0121-7:CNY26.00
    本书分高端论坛、热点焦点、理论探索、应用研究、学术争鸣、学哲学用哲学、学术动态七部分, 主要内容涵盖王伟光: 改革开放新时期哲学社会科学的繁荣与发展 ; 李德顺: 要重视基础理论的建设 —— 兼谈价值论研究的现实意义等。
●
相关链接 在E读中查询图书 在五车中查询图书 在当当中查询图书 在豆瓣中查询图书


正题名:哲学与社会     索取号:C91-02/714:2         预约/预借

序号 登录号 条形码 馆藏地/架位号 状态 备注
1 0534973   205349737   第一样本阅览室/ [索取号:C91-02/714:2] 在馆    
2 0534974   205349746   第一借阅区/ [索取号:C91-02/714:2] 在馆    
3 0534975   205349755   第一借阅区/ [索取号:C91-02/714:2] 在馆    
4 0534976   205349764   第一借阅区/ [索取号:C91-02/714:2] 在馆    
5 0534977   205349773   第一借阅区/ [索取号:C91-02/714:2] 在馆    
唐山师范学院图书馆 欢迎您!
大连网信软件有限公司© 版权所有